Statistics for Famous Hungarians

Click here to take the quiz!

General Stats

  • This quiz has been taken 17 times
  • The average score is 11 of 24

Answer Stats

HintAnswer% Correct
19th century pianist and a musical composerFerenc Liszt
93%
Considered to be the best Hungarian football playerFerenc Puskás
86%
Author of a famous puzzle cubeErnö Rubik
79%
Poet and a revolutionary commander killed in 1848 revolutionSándor Petőfi
64%
Poet, author of Himnusz, the national anthem of HungaryFerenc Kölcsey
57%
Communist leader from 1956 to 1988János Kadár
57%
First communist leader of Hungary from 1948 to 1953, founder of Hungarian Workers Party (MDP) and a mass murdererMatyás Rákosi
57%
Hungarian leader from 1920 to 1944, arguably considered by some a fascistMiklós Hórthy
57%
Doctor who pioneered antiseptical proceduresIgnaz Semmelweis
50%
Minister of transportation during the 1848 revolution and author of the first Budapest bridge across the DanubeIstván Szechenyi
50%
Communist revolutionary and 1919 leader of Hungarian soviet republic, deposed after lost war with Romania and CzechoslovakiaBéla Kun
43%
Best known for the 1867 Austro-Hungarian compromise, but also 1848 minister of justice, who disapproved leadership of the formerFerenc Deák
43%
Communist leader of 1956 uprising, executed by SovietsImre Nagy
43%
Nobleman, leader of 1703-11 war of independence against the Habsburg monarchyFerenc Rákoczi
36%
Nazi collaborator and Arrow Cross Party leader, who took power in 1944 coup overthrowing the formerFerenc Szálasi
36%
Chess Grandmaster and the only female to achieve the titleJudit Polgár
36%
Prime minister during the 1848 revolutionLájos Batthyány
36%
Hungarian PM in the final stages of 1848-49 revolution, replacing the formerLájos Kossuth
36%
The only Hungarian writer to be awarded the Nobel PrizeImre Kertész
29%
First democratically elected president of Hungary in 1990Árpád Göncz
21%
Hungarian PM during WWIIstván Tisza
21%
Prominent military commander during 1848-49 revolution, most notable for his defense of KomáromArtúr Görgei
14%
Prominent 30's antisemitist, who changed his view and protected Jews during Holocaust and was subsequently executed by NazisEndre Bajcsy-Zsilinszky
14%
Hungarian PM in 1867-71 and founder of BudapestGyula Andrássy
7%

Score Distribution

Percentile by Number Answered

Percent of People with Each Score

Your Score History

You have not taken this quiz